Statystyki dla To Była Dekada- Ważne Wydarzenia 2010-2019

Kliknij tutaj aby rozwiązać quiz!

Ogólne statystyki

  • Ten quiz został rozwiązany 391 razy
    (387 od ostatniego zresetowania)
  • Średni wynik to 17 z 29

Statystyki odpowiedzi

RokWydarzenieOdpowiedź% Poprawnych
2012Ten kraj wspólnie z Ukrainą jest gospodarzem Mistrzostw Europy w piłcej nożej.Polska
96%
2016Ten kontrowersyjny milioner zostaje prezydentem USA.Donald Trump
92%
2010W tym kraju odbywają się pierwsze w Afryce Mistrzostwa Świata w Piłce Nożnej.Republika Południowej Afryki
91%
2016W tym kraju dochodzi do referendum dotyczącego opuszczenia struktur Unii Europejskiej.Wielka Brytania
91%
2010W tym kraju dochodzi do wybuchu wulkanu Eyjafjallajökull, paraliżującego ruch lotniczy nad Europą.Islandia
89%
2014Federacja Rosyjska dokonuje aneksji tego półwyspu.Krym
86%
2013Ze stanowiska abdykuje ten papież.Benedykt XVI
84%
2010W tym mieście dochodzi do otwarcia najwyższego budynku na świecie.Dubaj
78%
2019Dochodzi do pożaru tej słynnej katedry.Notre-Dame
75%
2013W tym kraju rozpoczyna się ruch społeczny i długa fala protestów nazwana "Euromajdan".Ukraina
74%
2018Ten kraj wycofuje się z porozumienia nuklearnego z Iranem.Stany Zjednoczone
71%
2012W tym mieście odbywają się XXX Letnie Igrzyska Olimpijskie.Londyn
70%
2014W tym europejskim kraju abdykuje król Jan Karol I na rzecz swojego syna.Hiszpania
67%
2011Ten afrykański kraj uzyskuje niepodległość.Sudan Południowy
67%
2018W Salisbury dochodzi do otrucia agenta wywiadu tego kraju, Siergieja Skripala oraz jego córki.Rosja
63%
2011W tym kraju dochodzi do wojny domowej, rezultatem której jest obalenie rządów Muammara al–Kaddafiego.Libia
60%
2015W tym mieście dochodzi do zamachu terrorystycznego na redakcję magazynu satyrycznego "Charlie Hebdo".Paryż
58%
2015Po przejęciu prawa do marki przez konsorcjum Disney, dochodzi do premiery nowego filmu w tej kultowej sadze sci-fi.Gwiezdne Wojny
56%
2011W wyniku trzęsienia ziemi i fali tsunami dochodzi do uszkodzenia tej elektrowni atomowej.Fukushima
49%
2017W tym separatystycznym europejskim regionie dochodzi do nieuznanego na arenie międzynarodowej referendum niepodległościowego.Katalonia
46%
2018Etiopia podpisuje z tym krajem porozumienie o pokój, kończąc prawie 20 letni konflikt.Erytrea
42%
2019Donald Trump wycofuje swoje poparcie dla tej grupy etnicznej walczącej z ISIS, rezultatem czego jest wkroczenie wojsk Tureckich na teren Syrii.Kurdowie
38%
2017Swoją premierę ma ta konsola do gier video od Nintendo.Switch
38%
2016W tym kraju dochodzi do nieudanego zamachu stanu przeprowadzonego przez wojsko.Turcja
33%
2014Dochodzi do tajemniczego zaginięcia samolotu tych linii lotniczych.Malaysia Airlines
32%
2019Sieć teleskopów Event Horizon Telescope wykonuje pierwsze w historii zdjęcie tego obszaru czasoprzestrzeni.Czarna Dziura
29%
2013W okolicach tego rosyjskiego miasta dochodzi do uderzenia meteorytu.Czelabińsk
23%
2012U wybrzeży Włoch dochodzi do katastrofy w której życie tracą 32 osoby, tego wycieczkowca w wyniku błędu kapitana.Costa Concordia
21%
2017W tym amerykańskim mieście dochodzi do najtragiczniejszej strzelaniny w historii USA w której śmierć ponosi 59 osób.Las Vegas
10%

Rozkład punktacji

Percentyl według liczby udzielonych odpowiedzi

Procent ludzi z każdym wynikiem

Twoja historia wyników

Nie rozwiązałeś tego quizu od ostatniego zresetowania